no príncipio não foi o verbo e outros textos de psicologia (Registo nº 32629)
[ vista simples ]
| 000 -Etiqueta do registo | |
|---|---|
| Valores | 00555nam a2200205 4500 |
| 010 ## - Número ISBN | |
| ISBN | 9789727728299 |
| 021 ## - Número do Depósito Legal | |
| -- | PT |
| 090 ## - | |
| -- | 32629 |
| 100 ## - Dados gerais de processamento | |
| Dados gerais | 20200211 frey50 |
| 101 ## - Língua de publicação | |
| -- | por |
| 102 ## - País de publicação | |
| -- | PT |
| 200 ## - Titulo e menção de responsabilidade | |
| Título próprio | no príncipio não foi o verbo e outros textos de psicologia |
| 210 ## - Publicação | |
| Local de publicação | Lisboa |
| Nome do editor | Edições Colibri |
| Data de publicação | 2008 |
| 215 ## - Descrição física | |
| Paginação / Volumes | 216 [2] p. |
| Dimensões | 23 cm |
| 500 ## - Título uniforme | |
| Título uniforme | no princípio não foi o verbo e outros textos de psicologia |
| 700 ## - Autor principal (pessoa individual) | |
| -- | 070 |
| Apelido | Diniz |
| Nome | Maria Clementina |
| 801 ## - Fonte de origem | |
| País | PT |
| Regras de catalogação | RPC |
| 990 ## - Elementos KOHA | |
| Tipo de documento | Livro |
| 994 ## - Estado da catalogação | |
| -- | COMP |
| Situação do levantamento | Estado | Biblioteca de origem | Biblioteca de empréstimo | Código de barras | Cota | Permissão de empréstimo | Tipo de documento |
|---|---|---|---|---|---|---|---|
| Completo | Biblioteca da Escola Básica e Secundária Dr Isidoro de Sousa | Biblioteca da Escola Básica e Secundária Dr Isidoro de Sousa | 7488 | 159.9 DIN | Disponível | Livro |